[Event "DEM U10/U10w 2013"]
[Site "Oberhof GER"]
[Date "2013.05.20"]
[Round "3"]
[White "Schilay, Maria"]
[Black "Glinzner, Alva"]
[Result "0-1"]
[Termination "normal"]
[Board "45"]
[WhiteElo "1048"]
[BlackElo "974"]
[PlyCount "96"]
[WhiteFideId "12942979"]
[BlackFideId "16206169"]
[EventCountry "GER"]
[EventRounds "11"]
[EventType "swiss"]
[EventDate "2013.05.18"]

1. e4 e5 2. Nf3 Nc6 3. Nc3 Nf6 4. a3 d6 5. d4 Be7 6. Be3 O-O 7. d5 Nd4 8. Nxd4
exd4 9. Bxd4 c5 10. Be3 Ng4 11. Bf4 Bg5 12. h3 Ne5 13. Qd2 f6 14. Be3 Nf7 15.
f4 Bh4+ 16. Kd1 Qb6 17. Rb1 Re8 18. Bf2 Bxf2 19. Qxf2 f5 20. Bd3 Nh6 21. Qh4
fxe4 22. Bxe4 Bf5 23. Bf3 Re3 24. Kc1 Qd8 25. Qf2 Qe7 26. g4 Bd7 27. g5 Nf5 28.
Rd1 Nd4 29. Rd3 Rxd3 30. cxd3 Nb3+ 31. Kc2 Nd4+ 32. Kc1 Re8 33. Be4 Bxh3 34.
Qh2 Bf5 35. Bxf5 Nxf5 36. Ne4 Qc7 37. Qh3 Nd4 38. Qh5 Rf8 39. g6 h6 40. Ng5
Rxf4 41. Nh7 Rf1+ 42. Kd2 Rxb1 43. Ke3 Qe7+ 44. Kf2 Qe1+ 45. Kg2 Rxb2+ 46. Kh3
Qe3+ 47. Kg4 Rg2+ 48. Kh4 Qg3# 0-1

[Event "DEM U10/U10w 2013"]
[Site "Oberhof GER"]
[Date "2013.05.20"]
[Round "3"]
[White "Gazizov, Max"]
[Black "Indilewitsch, Marie-Claire"]
[Result "1-0"]
[Termination "normal"]
[Board "46"]
[WhiteElo "1042"]
[BlackElo "963"]
[PlyCount "161"]
[WhiteFideId "12951323"]
[EventCountry "GER"]
[EventRounds "11"]
[EventType "swiss"]
[EventDate "2013.05.18"]

1. d4 Nf6 2. Nf3 d5 3. c4 e6 4. Bg5 Nbd7 5. e3 c6 6. Nc3 Qa5 7. a3 Ne4 8. b4
Bxb4 9. axb4 Qxb4 10. Qc1 Nxc3 11. Qa3 Qxa3 12. Rxa3 Ne4 13. Bf4 O-O 14. Bd3 a6
15. O-O Ndf6 16. Ng5 Bd7 17. Nxe4 Nxe4 18. Bxe4 dxe4 19. Rb1 Rfc8 20. Rxb7 Be8
21. Ra5 f6 22. Bd6 c5 23. dxc5 Rd8 24. h3 Bc6 25. Rb6 Rac8 26. Raxa6 Be8 27.
Rb7 Bc6 28. Rbb6 Be8 29. Ra7 Rd7 30. Rxd7 Bxd7 31. Rb7 Bc6 32. Rc7 Rxc7 33.
Bxc7 Kf7 34. Kh2 Kg6 35. Kg3 Kf5 36. Kh4 h6 37. Kh5 Be8+ 38. Kh4 g5+ 39. Kg3 h5
40. h4 e5 41. f4 gxh4+ 42. Kxh4 exf4 43. Bxf4 Bf7 44. c6 Bxc4 45. c7 Be6 46.
Kxh5 Bf7+ 47. Kh6 Be6 48. Kh5 Bf7+ 49. Kh4 Be6 50. g4+ Kg6 51. g5 Kg7 52. gxf6+
Kxf6 53. Kg3 Kf5 54. Kf2 Kg4 55. Ke2 Kh3 56. Kd2 Kg2 57. Kc3 Kf3 58. Kd4 Bc8
59. Ke5 Kg4 60. Kxe4 Bb7+ 61. Ke5 Kf3 62. Kd6 Ke4 63. Kd7 Kd5 64. c8=Q Bxc8+
65. Kxc8 Ke6 66. Kc7 Ke7 67. Kc6 Ke8 68. Kd6 Kd8 69. e4 Ke8 70. e5 Kf8 71. Kd7
Kf7 72. e6+ Kf6 73. e7 Kf5 74. Bc1 Kg4 75. e8=Q Kh4 76. Qg6 Kh3 77. Qg5 Kh2 78.
Qg4 Kh1 79. Be3 Kh2 80. Bf2 Kh1 81. Qg1# 1-0

[Event "DEM U10/U10w 2013"]
[Site "Oberhof GER"]
[Date "2013.05.20"]
[Round "3"]
[White "Ewerhardy, Moritz"]
[Black "Svane, Freja"]
[Result "1/2-1/2"]
[Termination "normal"]
[Board "47"]
[WhiteElo "1019"]
[BlackElo "867"]
[PlyCount "147"]
[WhiteFideId "36052086"]
[BlackFideId "12940100"]
[EventCountry "GER"]
[EventRounds "11"]
[EventType "swiss"]
[EventDate "2013.05.18"]

1. e4 e6 2. d4 d5 3. e5 c5 4. c3 Nc6 5. Nf3 Qb6 6. Bd3 Nge7 7. O-O Nf5 8. Be3
Nxe3 9. fxe3 Qxb2 10. Nbd2 Qxc3 11. Nb3 c4 12. Ng5 Nd8 13. Nc5 Bxc5 14. dxc5
Qxe5 15. Nf3 Qxe3+ 16. Kh1 cxd3 17. Rc1 d2 18. Nxd2 O-O 19. Nf3 Bd7 20. Qc2 Qe4
21. Qf2 Bb5 22. Rfe1 Qd3 23. Ne5 Qf5 24. Qd2 f6 25. Nf3 Qd3 26. Qb2 Nc6 27.
Red1 Qe2 28. Rd2 Qe4 29. Qxb5 Rab8 30. Rdd1 Qb4 31. Qe2 d4 32. Qxe6+ Kh8 33.
Rc4 Rfe8 34. Rxb4 Rxe6 35. Rc4 Rbe8 36. Rcc1 Nb4 37. a3 Na2 38. Ra1 Nc3 39. Rf1
d3 40. Rac1 Ne2 41. Rcd1 Nf4 42. g3 Nd5 43. Rxd3 Ne3 44. Rb1 b6 45. cxb6 axb6
46. Rc3 Rd8 47. Rcc1 Red6 48. h4 Rd1+ 49. Rxd1 Rxd1+ 50. Rxd1 Nxd1 51. Kh2 Kg8
52. Kh3 Kf7 53. Kg4 Ke6 54. Kf4 Kd5 55. Kf5 b5 56. Nd2 Ne3+ 57. Kf4 Nc4 58. Nb1
g6 59. Nc3+ Kc6 60. Nb1 Kc5 61. Ke4 Nd6+ 62. Kd3 b4 63. axb4+ Kxb4 64. Kd4 g5
65. hxg5 fxg5 66. Ke5 Nf7+ 67. Kf6 h5 68. Kxf7 h4 69. gxh4 gxh4 70. Nd2 Kc3 71.
Nf3 h3 72. Kg6 Kd3 73. Kg5 Ke3 74. Kg4 1/2-1/2